000 00794nam a2200265Ia 4500
003 OSt
005 20220926015033.0
006 a|||||r|||| 00| 0
007 ta
008 220923b |||||||| |||| 00| 0 eng d
037 _cGeneral Book
040 _aRTL
_cRTL
_beng
041 _2eng
_aeng
082 _aX:9P4.73.N5
110 _aNational Industrial Conference Board (New York)
245 0 _aCompany and the physically impaired worker
260 _aNew York
_bNICB USA
300 _a89p.
_ccm.
490 _aIts, studies in personnel policy. 163.
500 _aConference Board reports
650 _aPersonnel Management
_929105
700 _aNational Industrial Conference Board (New York)
942 _hX:9P4.73.N5
_cGB
_2CC
999 _c630456
_d630456